000 00439nam a2200169Ia 4500
008 140424s9999 xx 000 0 und d
100 _aNiranjana V Kartha (91611061)
245 _aSemantic search in travel industry
502 _bMSIT
502 _c2011-2013
502 _dInternal
502 _fVaun S.S (IBS)
502 _g"IBS, Trivandrum"
650 _a TOURISM INDUSTRY
650 _aSEMANTIC SEARCH
650 _aTRAVEL INDUSTRY
999 _c4389
_d4389